000 01159nam a22003497a 4500
003 CHAP
005 20220817044056.0
008 060201s 1 it r 00010 eng d
010 _a91622
011 _a92594
020 _a9250053428
035 _a103159
040 _cCHAP
082 1 4 _a639.2
_bF46 v.712
110 2 _aFAO
245 1 0 _aReport and papers presented at the expert consultation on fish technology in Africa (7o.)
_c/by FAO
250 _aEd. bilingue
260 _aRome :
_bFAO,
_c2005.
300 _a170 p. ;
_bgráfs,
490 0 _aFAO. Informe de pesca
_v; 712
590 _aBATCH-UPD
_b10
_c20130110
_lUCH01
_h0536
590 _aBATCH-UPD
_b10
_c20130410
_lUCH01
_h0216
590 _aBATCH-UPD
_b10
_c20130914
_lUCH01
_h1349
590 _aCONVERSION
_b10
_c20130109
_lUCH01
_h1351
650 1 4 _aPesquería
_xAfrica.
_987498
830 0 _aFAO. Informe de pesca
_v; 712
_939587
901 _aBK
905 _aAlejandra Carrasco M.
942 _cLIBRO
949 _a639.2 F46 v,712
_bBC
_cFAO
_d33724000968723
_eFAO1
_gDonaciØn
_h107078
_i103159
_sb
949 _a639.2 F46 v,712
_bBC
_cFAO
_d33724000968731
_eFAO2
_fc.2
_gDonaciØn
_h107079
_i103159
_sb
999 _c91622
_d91622